[Event "SV Bönen 2 - SV Wattenscheid 3"]
[Site "?"]
[Date "2023.11.19"]
[Round "4.5"]
[White "Schlee, Ulrich"]
[Black "Romstadt, Dirk"]
[Result "1-0"]
[WhiteElo "1795"]
[BlackElo "1707"]
[PlyCount "57"]
[EventDate "2023.??.??"]
[SourceDate "2023.11.29"]
[WhiteTeam "SV Wattenscheid 3"]
[BlackTeam "SV Bönen 2"]

1. e4 d5 2. exd5 Nf6 3. d4 Nxd5 4. c4 Nb6 5. Nc3 g6 6. Be3 Bg7 7. h3 O-O 8. Nf3
Nc6 9. Be2 e5 10. d5 Ne7 11. O-O f5 12. Re1 f4 13. Bc5 Re8 14. Rc1 Nf5 15. Ne4
Nd7 16. Ba3 Nf6 17. Bd3 Nd6 18. Bxd6 cxd6 19. b4 Nxe4 20. Bxe4 a5 21. a3 axb4
22. axb4 Bd7 23. c5 dxc5 24. bxc5 Bf5 25. Qb3 Bxe4 26. Rxe4 Qc7 27. Ng5 Qd7 28.
d6+ Kf8 29. Nxh7# 1-0

[Event "SV Bönen 2 - SV Wattenscheid 3"]
[Site "?"]
[Date "2023.11.19"]
[Round "4.6"]
[White "Leisen, Peter"]
[Black "Kraus, Tanja"]
[Result "0-1"]
[WhiteElo "1717"]
[BlackElo "1701"]
[PlyCount "66"]
[EventDate "2023.??.??"]
[SourceDate "2023.11.29"]
[WhiteTeam "SV Bönen 2"]
[BlackTeam "SV Wattenscheid 3"]

1. Nf3 c5 2. b3 Nf6 3. Bb2 Nc6 4. e3 d5 5. d4 Bg4 6. h3 Bh5 7. Be2 e6 8. O-O
cxd4 9. exd4 Bd6 10. Nbd2 O-O 11. Ne5 Bxe2 12. Qxe2 Rc8 13. c4 Ne7 14. c5 Bb8
15. b4 b6 16. Nb3 Ne4 17. Rfc1 Ng6 18. Qe1 Nf4 19. Qf1 bxc5 20. Nxc5 Nd2 21.
Qd1 Qg5 22. Qg4 Qxg4 23. Nxg4 Ne2+ 24. Kh1 Nxc1 25. Bxc1 Ne4 26. Nxe4 dxe4 27.
Ne3 Rfd8 28. Bb2 f5 29. g3 g5 30. Kg2 f4 31. gxf4 gxf4 32. Ng4 Rc2 33. Rc1 Rxd4
0-1

[Event "SV Bönen 2 - SV Wattenscheid 3"]
[Site "?"]
[Date "2023.11.19"]
[Round "4.7"]
[White "Kotulla, Günther"]
[Black "Rudlof, Jürgen"]
[Result "0-1"]
[WhiteElo "1671"]
[BlackElo "1703"]
[PlyCount "58"]
[EventDate "2023.??.??"]
[SourceDate "2023.11.29"]
[WhiteTeam "SV Wattenscheid 3"]
[BlackTeam "SV Bönen 2"]

1. e4 c5 2. Nf3 d6 3. d4 cxd4 4. Nxd4 Nf6 5. Nc3 g6 6. Be3 Bg7 7. Be2 Nc6 8.
O-O Bd7 9. Qd2 Ng4 10. Nxc6 bxc6 11. Bd4 Nf6 12. Rad1 O-O 13. e5 Ne8 14. exd6
exd6 15. Bxg7 Kxg7 16. Ne4 d5 17. Nc5 Be6 18. Nxe6+ fxe6 19. Qc3+ Nf6 20. Qxc6
Rc8 21. Qa4 Qb6 22. Rb1 Ne4 23. Bf3 Nd2 24. Qd7+ Kh8 25. Rfe1 Nxb1 26. Rxe6
Rxc2 27. h3 Qxf2+ 28. Kh1 Qf1+ 29. Kh2 Qxf3 0-1

[Event "SV Bönen 2 - SV Wattenscheid 3"]
[Site "?"]
[Date "2023.11.19"]
[Round "4.8"]
[White "Martens, Dorothea"]
[Black "Hielscher, Fabian"]
[Result "1-0"]
[WhiteElo "1567"]
[BlackElo "1736"]
[PlyCount "35"]
[EventDate "2023.??.??"]
[SourceDate "2023.11.29"]
[WhiteTeam "SV Bönen 2"]
[BlackTeam "SV Wattenscheid 3"]

1. c4 e6 2. Nc3 Nf6 3. d4 d5 4. e3 b6 5. cxd5 exd5 6. Nf3 Bg4 7. h3 Bh5 8. Be2
Be7 9. Qa4+ c6 10. Ne5 Qc7 11. Bxh5 Nxh5 12. Nxd5 Qb7 13. Nxe7 Kxe7 14. Qb4+
Ke8 15. O-O Nd7 16. Qd6 Nhf6 17. Nxc6 Nb8 18. Qd8# 1-0

[Event "Hansa Dortmund- Unser Fritz"]
[Site "?"]
[Date "2023.11.19"]
[Round "4.1"]
[White "Rutz, Dirk"]
[Black "Klyuner, Vyacheslav"]
[Result "1/2-1/2"]
[WhiteElo "1992"]
[BlackElo "2396"]
[PlyCount "55"]
[SourceDate "2023.11.29"]

1. c4 Nf6 2. Nc3 e5 3. g3 g6 4. Bg2 Bg7 5. d3 O-O 6. e4 c6 7. Nge2 Na6 8. O-O
d5 9. exd5 cxd5 10. Nxd5 Nxd5 11. cxd5 Bg4 12. Re1 Rc8 13. Qb3 Nc5 14. Qa3 Re8
15. Be3 Bf8 16. d4 Na6 17. Qa4 e4 18. Nc3 Bf3 19. a3 Bxg2 20. Kxg2 Bd6 21. Rac1
h5 22. Qb5 Nc7 23. Qxb7 Rb8 24. Qc6 Rxb2 25. Rb1 Rc2 26. Rbc1 Rb2 27. Rb1 Rc2
28. Rbc1 1/2-1/2

[Event "Hansa Dortmund- Unser Fritz"]
[Site "?"]
[Date "2023.11.19"]
[Round "4.2"]
[White "Karger, Frank"]
[Black "Nowicki, Heiko"]
[Result "1-0"]
[WhiteElo "2235"]
[BlackElo "1834"]
[PlyCount "81"]
[SourceDate "2023.11.29"]

1. d4 g6 2. e4 Bg7 3. Nf3 d6 4. Bc4 Nf6 5. Qe2 Nc6 6. O-O Bg4 7. Rd1 e5 8. c3
O-O 9. h3 Bxf3 10. Qxf3 Nd7 11. Be3 Kh8 12. Bb5 a6 13. Ba4 b5 14. Bb3 Na5 15.
Bc2 Nc4 16. b3 Nxe3 17. fxe3 Qh4 18. d5 Nc5 19. b4 Nd7 20. Nd2 Nb6 21. a4 bxa4
22. Bxa4 f5 23. Bc6 fxe4 24. Qxe4 Qf2+ 25. Kh2 Rad8 26. Qd3 Bh6 27. Re1 Nd7 28.
Ne4 Qh4 29. Bxd7 Rxd7 30. Rf1 Rdf7 31. Rxf7 Rxf7 32. Rxa6 Qe1 33. Qd2 Qxd2 34.
Nxd2 Bxe3 35. Ne4 h6 36. g3 Rf1 37. Rc6 Bb6 38. Kg2 Rg1+ 39. Kf3 Rc1 40. Ke2
Rb1 41. Nxd6 1-0

[Event "Hansa Dortmund- Unser Fritz"]
[Site "?"]
[Date "2023.11.19"]
[Round "4.3"]
[White "Tober, Julian"]
[Black "Zelt, Jens"]
[Result "0-1"]
[WhiteElo "1794"]
[BlackElo "1991"]
[PlyCount "68"]
[SourceDate "2023.11.29"]

1. e4 d6 2. d4 c6 3. f4 Qc7 4. Nf3 Nd7 5. c4 g6 6. Be2 Bg7 7. O-O e6 8. Nc3 Ne7
9. Kh1 O-O 10. Qe1 c5 11. e5 a6 12. exd6 Qxd6 13. Ne4 Qc6 14. Nxc5 Nxc5 15.
dxc5 Qxc5 16. Bd3 Qd6 17. Qe2 Nc6 18. Rd1 Qc7 19. a3 Bd7 20. Rb1 Rfe8 21. b4 e5
22. fxe5 Nxe5 23. Nxe5 Bxe5 24. h3 Ba4 25. Rf1 Rad8 26. c5 Bg3 27. Qd2 Rxd3 28.
Qxd3 Bb5 29. Qd4 Bxf1 30. Bh6 Be5 31. Re1 Bb5 32. Qh4 Bg3 33. Rxe8+ Bxe8 34.
Qe4 Qe5 0-1

[Event "Hansa Dortmund- Unser Fritz"]
[Site "?"]
[Date "2023.11.19"]
[Round "4.4"]
[White "Linker, Walter"]
[Black "Lindstaedt, Erik"]
[Result "1/2-1/2"]
[WhiteElo "1962"]
[BlackElo "1696"]
[Annotator "daniel"]
[PlyCount "92"]
[SourceDate "2023.11.29"]

1. f4 d5 2. Nf3 f5 3. e3 Nf6 4. b3 e6 5. Bb2 Be7 6. Be2 a5 7. c4 O-O 8. O-O Qe8
9. Nc3 Ne4 10. cxd5 Nxc3 11. dxc3 exd5 12. Qxd5+ Kh8 13. Ne5 c6 14. Qd2 Nd7 15.
Nxd7 Bxd7 16. Bf3 Rd8 17. Rfe1 Bc5 18. Rad1 Bc8 19. Qxd8 Qxd8 20. Rxd8 Rxd8 21.
Kf2 Rd2+ 22. Re2 Rd3 $11 23. c4 Kg8 24. Bd4 Bb4 25. Rc2 a4 26. Ke2 axb3 27.
Kxd3 bxc2 28. Kxc2 Be6 29. Kb3 Bd2 30. Bb6 Kf7 31. a4 Ke7 32. Kc2 Be1 33. Kd3
Kd6 34. e4 g6 35. e5+ Kd7 36. h3 Bg3 37. Be3 h5 38. Kd4 Kc7 39. Be2 h4 40. Bf3
Be1 41. Be2 Bg3 42. Bd2 Bf2+ 43. Kc3 Kb6 44. Kb4 Bc5+ 45. Kb3 Bf2 46. Kb4 Bc5+
1/2-1/2

[Event "Hansa Dortmund- Unser Fritz"]
[Site "?"]
[Date "2023.11.19"]
[Round "4.5"]
[White "Prang, Andreas"]
[Black "Schaepers, Lars"]
[Result "1/2-1/2"]
[WhiteElo "1774"]
[BlackElo "1878"]
[PlyCount "130"]
[SourceDate "2023.11.29"]

1. c4 e6 2. g3 d5 3. Bg2 Nf6 4. Nf3 Bd6 5. O-O O-O 6. b3 Nbd7 7. Bb2 c6 8. d3
Qe7 9. Nbd2 Re8 10. e4 dxe4 11. dxe4 e5 12. Re1 Nc5 13. Qc2 a5 14. Nh4 Bc7 15.
Nf1 Rd8 16. Rad1 Bg4 17. f3 Be6 18. Ne3 g6 19. Kh1 Rxd1 20. Rxd1 Rd8 21. Ba3
Bb6 22. Bf1 Rd7 23. Nhg2 Qd8 24. Bb2 Rxd1 25. Nxd1 Qd6 26. Nge3 Nfd7 27. a3 Na6
28. Be2 Bc5 29. Qc1 Nc7 30. Nf2 Bd4 31. Nd3 Nc5 32. Nxc5 Qxc5 33. Nd1 Bh3 34.
Qh6 Bd7 35. Qc1 Ne6 36. Kg2 Bxb2 37. Qxb2 Nd4 38. Bf1 Qb6 39. b4 axb4 40. axb4
Qa6 41. Ne3 Qa4 42. f4 f6 43. fxe5 fxe5 44. c5 Be6 45. Bc4 Bxc4 46. Nxc4 Qc2+
47. Qxc2 Nxc2 48. Nxe5 Nxb4 49. Kf3 Na6 50. Nd3 Kf7 51. Ke3 Nb8 52. Kd4 Ke6 53.
Ne5 Kf6 54. Nc4 Nd7 55. Nd6 b6 56. cxb6 Nxb6 57. Kc5 Na4+ 58. Kxc6 Ke5 59. Kd7
Nc5+ 60. Ke7 Nd3 61. Nf7+ Kxe4 62. Ng5+ Kf5 63. Nxh7 Ne5 64. h3 g5 65. g4+ Nxg4
1/2-1/2

[Event "Hansa Dortmund- Unser Fritz"]
[Site "?"]
[Date "2023.11.19"]
[Round "4.6"]
[White "Velli, Filippo"]
[Black "Goeßling, Juergen"]
[Result "1-0"]
[WhiteElo "2231"]
[BlackElo "1721"]
[PlyCount "53"]
[SourceDate "2023.11.29"]

1. d4 d6 2. Nf3 Nf6 3. c4 Nbd7 4. g3 c6 5. Bg2 Qc7 6. O-O e5 7. Qc2 Be7 8. Nbd2
O-O 9. h3 d5 10. cxd5 Nxd5 11. Nxe5 Nxe5 12. Bxd5 Qd6 13. Bg2 Qxd4 14. Rd1 Qb6
15. Nb3 Bf6 16. Be3 Qb5 17. Rac1 Ng6 18. Nd4 Qe5 19. b4 Be6 20. Nxe6 Qxe6 21.
a4 a6 22. h4 Rfd8 23. Be4 Kh8 24. h5 Ne5 25. Bxh7 Qh3 26. Bf5 Qxh5 27. Kg2 1-0

[Event "Hansa Dortmund- Unser Fritz"]
[Site "?"]
[Date "2023.11.19"]
[Round "4.7"]
[White "Koch, Till"]
[Black "Wolffgang, Georg"]
[Result "0-1"]
[WhiteElo "1775"]
[BlackElo "1860"]
[PlyCount "60"]
[SourceDate "2023.11.29"]

1. e4 d6 2. d4 Nf6 3. Nc3 Nbd7 4. f4 e5 5. Nf3 exd4 6. Qxd4 c6 7. h3 d5 8. Be3
Bc5 9. Qd3 Qe7 10. e5 O-O 11. O-O-O Re8 12. Bd2 Nh5 13. Ng5 g6 14. g4 Ng7 15.
Qg3 Ne6 16. Nf3 f6 17. f5 fxe5 18. fxe6 Qxe6 19. h4 Bd6 20. Ng5 Qe7 21. h5 e4
22. Bf4 Qxg5 23. Bxg5 Bxg3 24. hxg6 hxg6 25. Rh3 Be5 26. Nxe4 Bxb2+ 27. Kxb2
Rxe4 28. Bd3 Rxg4 29. Bd2 Ne5 30. Rdh1 Nf7 0-1

[Event "Hansa Dortmund- Unser Fritz"]
[Site "?"]
[Date "2023.11.19"]
[Round "4.8"]
[White "Zhang, Jingfu"]
[Black "Wolf, Franz"]
[Result "0-1"]
[WhiteElo "1680"]
[BlackElo "1652"]
[PlyCount "132"]
[SourceDate "2023.11.29"]

1. d4 d5 2. c4 e6 3. Nc3 Nf6 4. Bg5 Be7 5. e3 O-O 6. Nf3 Nbd7 7. Bd3 dxc4 8.
Bxc4 Nb6 9. Be2 Nfd5 10. Bxe7 Qxe7 11. O-O Nxc3 12. bxc3 c5 13. Ne5 cxd4 14.
cxd4 Nd7 15. f4 Nxe5 16. fxe5 b6 17. Bf3 Bb7 18. Bxb7 Qxb7 19. Qf3 Qxf3 20.
gxf3 Rfd8 21. Rac1 Rac8 22. Kf2 Kf8 23. Ke2 f5 24. h4 g6 25. Kd3 Ke7 26. Rxc8
Rxc8 27. Rf2 Kd7 28. e4 Rc1 29. exf5 exf5 30. Rh2 Ke6 31. f4 Kd5 32. h5 Rc4 33.
hxg6 Rxd4+ 34. Ke3 hxg6 35. Rg2 Ra4 36. Rxg6 Rxa2 37. Rd6+ Kc5 38. Rd8 b5 39.
Rd1 a5 40. e6 Ra4 41. Rc1+ Kb6 42. Rc8 Re4+ 43. Kd3 Rxe6 44. Rb8+ Kc5 45. Rf8
Rd6+ 46. Kc3 b4+ 47. Kc2 Rd5 48. Rc8+ Kd4 49. Kb3 Ke4 50. Rc4+ Rd4 51. Rc5 Rd3+
52. Kb2 a4 53. Ra5 a3+ 54. Ka2 Rd2+ 55. Ka1 Kxf4 56. Rb5 Rd4 57. Rb8 Ke3 58.
Re8+ Re4 59. Rh8 f4 60. Rh1 f3 61. Re1+ Kd3 62. Rd1+ Kc2 63. Rf1 Re3 64. Rb1 f2
65. Rf1 Re1+ 66. Ka2 b3+ 0-1